000 00441nam a2200109Ia 4500
008 200626s9999 xx 000 0 und d
020 _a971-92221-7-4
100 _aNograles, Reynaldo R.
245 _cReynaldo R. Nograles, Rhoderick R. Santos.--
_aEssentials of investments in the philippine capital market workbook/
260 _aLas PiƱas City:
_bSouthville International School and Colleges Systems Publications
_c2005
300 _a184 pages
999 _c363913
_d363913